Алгебра или вычесление конечных

Détails bibliographiques
Auteur principal: Лобачевский Н. И. Николай Иванович
Résumé:Текст в русской дореформенной орфографии
Печатать позволяется. Москва 1832 года Февраля 18 дня. Цензор Сергей Аксаков
Прижизненное издание Н. И. Лобачевского
Раздельная пагинация страниц
Langue:russe
Publié: Казань, Университетская типография, 1834
Sujets:
Format: MixedMaterials Livre
KOHA link:https://koha.lib.tpu.ru/cgi-bin/koha/opac-detail.pl?biblionumber=359788

MARC

LEADER 00000nam0a2200000 4500
001 359788
005 20231102011223.0
035 |a (RuTPU)RU\TPU\retro\17089 
090 |a 359788 
100 |a 20210111d1834 k y0rusy50 ca 
101 0 |a rus 
102 |a RU 
105 |a a z 000zy 
200 1 |a Алгебра или вычесление конечных  |f Н. И. Лобачевский 
210 |a Казань  |c Университетская типография  |d 1834 
215 |a X, 528, [2] с.  |c ил. 
300 |a Текст в русской дореформенной орфографии 
300 |a Печатать позволяется. Москва 1832 года Февраля 18 дня. Цензор Сергей Аксаков 
300 |a Прижизненное издание Н. И. Лобачевского 
300 |a Раздельная пагинация страниц 
316 |5 63413507: 2//227  |a На форзаце надпись: "От г. Жбиковского в дар" 
317 |5 63413507: 2//227  |a Поступил в НТБ в 1910 г. в дар от сына А. К. Жбиковского преподавателя ТТИ С. А. Жбиковского 
606 1 |a Алгебра  |2 stltpush  |3 (RuTPU)RU\TPU\subj\1723  |9 30429 
610 1 |a прижизненные издания 
610 1 |a уравнения первого порядка 
610 1 |a алгебраическое уравнение 
610 1 |a логарифмы 
610 1 |a тригонометрические функции 
610 1 |a корни 
610 1 |a дроби 
610 1 |a дарственные надписи 
610 1 |a дары библиотеке 
610 1 |a Коллекция А. К. Жбиковского 
675 |a 512  |v 3 
700 1 |a Лобачевский  |b Н. И.  |c российский математик  |f 1792-1856  |g Николай Иванович  |2 stltpush  |3 (RuTPU)RU\TPU\pers\981  |9 435 
801 1 |a RU  |b 63413507  |c 20210111 
801 2 |a RU  |b 63413507  |c 20210607  |g RCR 
942 |c BK